000 00211nam a22000857a 4500
008 170601b xxu||||| |||| 00| 0 eng d
100 _93217
_aShastri. K
245 _aTennali Raama
260 _aNew Delhi
_bDevamala
_c2001
999 _c6530
_d6530